Punjab under the great Mughals 1526-1707 AD: This is approved for the degree of doctor of philosophy in the University of the Punjab, Chandigrah (Record no. 182677)

MARC details
000 -LEADER
fixed length control field 00476nam a2200145Ia 4500
008 - FIXED-LENGTH DATA ELEMENTS--GENERAL INFORMATION
fixed length control field 230917s9999||||xx |||||||||||||| ||und||
040 ## - CATALOGING SOURCE
-- 39512
Original cataloging agency VIVEKANANDA LIBRARY
041 ## - Language
-- English
082 ## - DDC NUMBER
Classification number 954.5 N582P
100 ## - MAIN ENTRY--PERSONAL NAME
Personal name Nijjar, Bakhshish Singh
245 #0 - TITLE STATEMENT
Title Punjab under the great Mughals 1526-1707 AD: This is approved for the degree of doctor of philosophy in the University of the Punjab, Chandigrah
260 ## - PUBLICATION, DISTRIBUTION, ETC. (IMPRINT)
Place of publication, distribution, etc Bombay
Name of publisher, distributor, etc Thacker
Date of publication, distribution, etc 1968
300 ## - PHYSICAL DESCRIPTION
Pages xii, 244 p.
942 ## - ADDED ENTRY ELEMENTS (KOHA)
Koha item type Books
Holdings
Withdrawn status Lost status Damaged status Not for loan Location (home branch) Sublocation or collection (holding branch) Date acquired Koha issues (times borrowed) Koha full call number Accession No. Koha date last seen Koha item type
        VIVEKANANDA LIBRARY VIVEKANANDA LIBRARY 29/08/2002   954.5 N582P 37503 17/09/2023 Books
        VIVEKANANDA LIBRARY VIVEKANANDA LIBRARY 29/08/2002   954.5 N582P 47574 17/09/2023 Books
© Designed and Maintained by Vivekananda Library, MDU Rohtak